000 00690nam a2200229 4500
001 44664
010 _a9789895700233
021 _aPT
_b500230/22
090 _a44664
100 _a20221121d2022 m y0pory50030103ba
102 _aPT
200 1 _aTestemunha fatal
_fRobert Bryndza
_gtrad. Carla Ribeiro
205 _a2<U+00AA> ed
210 9 _a[S.l.]
_cAlma dos Livros,
_d2022
215 _a321, [6] p.
_d24 cm
304 _aTít. orig.: Fatal witness
675 _a821.111-3
_vBN
_zpor
700 1 _aBryndza,
_bRobert,
_f1979-
702 1 _aRibeiro,
_bCarla
801 0 _aPT
_bBN
_gRPC
856 4 1 _uhttp://rnod.bnportugal.gov.pt/ImagesBN/winlibimg.aspx?skey=&doc=2116181&img=171651&save=true
990 _cLIVROS